Word Ladder: American-Born British Royals Quiz Stats

 Plays Quiz Updated Jan 18, 2019

Support Sporcle.
Go Orange.
Score 0/18 Timer 03:00
0 Plays Today
Clue 6-Letter Word % Correct
Country singer NelsonWILLIE
94.3%
Chicago tower or Die Hard's BruceWILLIS
93.8%
Tennis player Jean KingBILLIE
93.6%
Projectile for a gunBULLET
90.5%
Meghan who married Prince HarryMARKLE
87.3%
Sculptor's stoneMARBLE
86.1%
Use mouthwashGARGLE
84.7%
Phrase to indicate later payment: '____ __ to my account'BILL IT
83.3%
Soldier's lodgingBILLET
82.2%
Clue 6-Letter Word % Correct
Distort, as in speechGARBLE
80.5%
Make a bubbling soundGURGLE
79%
Rob; StealBURGLE
77.4%
Botch; Mess upBUNGLE
74.5%
Simpson who married Edward VIIIWALLIS
72.2%
Elasticized cordBUNGEE
70.9%
Pushed or drove violentlyBULLED
64.8%
Closed with a stopperBUNGED
62%
ProtrudedBULGED
58.4%

Today's Daily Dose

Missing Word
50 Cent Songs

Word Ladder
Close Gunshot

Quick Pick
Pop Punk Bands

Get the Picture
An 'S' in Disney

From the Vault

Around the Perimeter of South Africa

by mg10

Geography 60s
You can draw it in chalk and yellow tape, if you want.
Remove Ads.
Support Sporcle.
Get the best of Sporcle when you Go Orange. This ad-free experience offers more features, more stats, and more fun while also helping to support Sporcle. Thank you for becoming a member.

Show Comments

Extras

Top Quizzes Today


Score Distribution

Your Account Isn't Verified!

In order to create a playlist on Sporcle, you need to verify the email address you used during registration. Go to your Sporcle Settings to finish the process.

Report this User

Report this user for behavior that violates our Community Guidelines.

Details: